000 00846nas a2200253 4500
001 BR8202578
003 BR-BrBNA
005 20231205085148.0
007 ta
008 230509b bl.|||p| |||| 00| 00por d
040 _aBR-BrBNA
_bpor
_cBiblioteca Nacional de Agricultura
041 _a(Pt)
072 _aM40
100 1 _aHenry, R.
100 1 _aTundisi, J.G.
245 1 _aEfeitos de enriquecimento artificial por nitrato de fosfato no crescimento da comunidade fitoplanctonica da represa do Lobo (Broa, Brotas, Itirapina, SP)[Sao Paulo; Brasil]
650 _aBIOLOGIA AQUATICA
650 _aFITOPLANCTON
650 _aREPRESA DO LOBO
650 _aSAO PAULO
773 0 _tCiencia e Cultura (Brazil)
_xISSN 0009-6725
_g(Apr 1982), v. 34(4) p. 518-524
_wBR8202578
909 _a202311
_bLúcia
_c55
_dLúcia Elande
942 _2AGRIS
_n0
_cANA
999 _c109644
_d109644